| 000 | 00410nam a2200157 i 4500 | ||
|---|---|---|---|
| 001 | 66175 | ||
| 003 | ES-MaACL | ||
| 005 | 20230906165547.0 | ||
| 007 | t| | ||
| 008 | 040128s1919 fr ||||1| fre d | ||
| 100 | 1 |
_aGaillard, Gastón. _953249 |
|
| 245 | 1 | 2 |
_aL'allemagne et le baltikum / _cGastón Gaillard. |
| 260 |
_aParis : _bChapelón, _c1919. |
||
| 300 |
_a278 p. ; _c26 cm. |
||
| 852 |
_aES-MaACL _jC-1936 |
||
| 999 |
_c66175 _d66175 |
||